Statistics for Countries that end with letter "L"

Click here to take the quiz!

General Stats

  • This quiz has been taken 88 times
  • The average score is 5 of 5

Answer Stats

HintAnswer% Correct
AsiaNepal
95%
EuropePortugal
95%
AfricaSenegal
93%
AmericasBrazil
88%
AsiaIsrael
83%

Score Distribution

Percentile by Number Answered

Percent of People with Each Score

Your Score History

You have not taken this quiz